Wszystkie gminy w Polsce na literę U - Statystyki

Ogólne statystyki
  • Ten quiz został rozwiązany 27 razy
  • Średni wynik to 8 z 20
Statystyki odpowiedzi
Województwo Gmina % Poprawnych
pomorskie Ustka
100%
śląskie Ustroń
73%
kujawsko-pomorskie Uniejów
68%
łódzkie Ujazd
64%
opolskie Ujazd
64%
podkarpackie Ulanów
59%
lubelskie Urzędów
59%
zachodniopomorskie Ustronie Morskie
59%
podkarpackie Ustrzyki Dolne
59%
wielkopolskie Ujście
45%
śląskie Ujsoły
27%
lubelskie Uchanie
23%
łódzkie Unisław
23%
lubelskie Ułan-Majorat
18%
lubelskie Ulhówek
18%
dolnośląskie Udanin
14%
lubelskie Ułęż
14%
lubelskie Urszulin
14%
małopolskie Uście Gorlickie
14%
lubelskie Uścimów
5%
Nie znaleziono quizów pasujących do podanych kryteriów
Rozkład punktacji
Procent ludzi z każdym wynikiem
Percentyl według liczby udzielonych odpowiedzi
Twoja historia wyników
Nie rozwiązałeś tego quizu